[Event "Balatonalmadi Pannonia Cup 10th"]
[Site "Balatonalmadi"]
[Date "2005.07.28"]
[Round "2"]
[White "Engel, Ferenc"]
[Black "Szelenyi, Norbert"]
[Result "0-1"]
[WhiteElo "1512"]
[BlackElo "2301"]
[PlyCount "44"]
[EventDate "2005.07.27"]
[EventType "swiss"]
[EventRounds "7"]
[EventCountry "HUN"]
[SourceTitle "EXT 2008"]
[Source "ChessBase"]
[SourceDate "2007.11.25"]
[SourceVersion "1"]
[SourceVersionDate "2007.11.25"]
[SourceQuality "1"]

1. e4 e6 2. d4 d5 3. exd5 exd5 4. Nf3 Nc6 5. Bd3 Bd6 6. 0-0 Bg4 7. Re1+ Nge7 8. c3 Qd7 9. Be3 f6 10. Nbd2 0-0-0 11. Qc2 g5 12. b4 Rde8 13. Qa4 Kb8 14. b5 Nd8 15. Qb3 Ng6 16. a4 Bf5 17. Bxf5 Qxf5 18. Nf1 Nh4 19. Nxh4 gxh4 20. a5 Rhg8 21. b6 Rxg2+ 22. Kxg2 h3+ 0-1